Spanish 5000 #1 - Adjectives (Easy) - Statistics

General Stats
  • This quiz has been taken 196 times
    63 since last reset
  • The average score is 150 of 213
Answer Stats
English Spanish % Correct
tall, high alto
97%
yellow amarillo
97%
blue azul
97%
good bueno
97%
my mi
97%
black negro
97%
new nuevo
97%
perfect perfecto
97%
difficult, hard difícil
94%
more más
94%
much, many, a lot (ADV) mucho
94%
natural natural
94%
American americano
90%
white blanco
90%
Spanish español
90%
important importante
90%
English inglés
90%
clear claro
87%
cultural cultural
87%
cold frío
87%
large, great, big grande
87%
ideal, (goal) ideal
87%
intelligent inteligente
87%
original original
87%
little, small, young pequeño
87%
little, few, a little bit (ADV) poco
87%
popular popular
87%
public público
87%
royal, real, authentic real
87%
red rojo
87%
lonely, alone solo
87%
green verde
87%
short, low bajo
84%
easy fácil
84%
favorite favorito
84%
general general
84%
impossible imposible
84%
Latin latino
84%
crazy, insane loco
84%
bad malo
84%
moral moral
84%
first primero
84%
probable probable
84%
quick, fast rápido
84%
rich, tasty rico
84%
his/her/their/your (–fam) su
84%
all, every todo
84%
calm, tranquil, relaxed tranquilo
84%
your (+fam) tu
84%
complicated, complex complicado
81%
strong fuerte
81%
handsome, beautiful guapo
81%
horrible horrible
81%
human humano
81%
local local
81%
material material
81%
maximum máximo
81%
half, middle medio
81%
normal, usual, regular normal
81%
passive pasivo
81%
personal personal
81%
second segundo
81%
serious serio
81%
sexual sexual
81%
total, entire total
81%
sad, unhappy triste
81%
basic, essential básico
77%
biological biológico
77%
pretty, nice bonito
77%
each, every cada
77%
hot, warm, spirited caliente
77%
central central
77%
closed cerrado
77%
complete completo
77%
how much? cuánto
77%
different, separate diferente
77%
sweet dulce
77%
special especial
77%
excellent excelente
77%
FALSE falso
77%
formal, polite formal
77%
fat, thick gordo
77%
gray, gloomy gris
77%
irregular irregular
77%
manual manual
77%
mental mental
77%
minimum mínimo
77%
same mismo
77%
necessary necesario
77%
our nuestro
77%
social social
77%
terrible terrible
77%
universal universal
77%
attractive atractivo
74%
creative creativo
74%
double doble
74%
hard duro
74%
elemental, basic elemental
74%
that (m) [esa (f)] ese
74%
extra extra
74%
familiar, of the family familiar
74%
happy, fortunate feliz
74%
flexible flexible
74%
incredible, unbelievable increíble
74%
muscular muscular
74%
nervous, uptight nervioso
74%
other, another otro
74%
poor pobre
74%
regular regular
74%
superior, upper superior
74%
vertical, upright vertical
74%
old, aged viejo
74%
visible visible
74%
visual visual
74%
welcome bienvenido
71%
common común
71%
fundamental fundamental
71%
generous generoso
71%
individual individual
71%
invisible invisible
71%
negative, pessimistic negativo
71%
noble noble
71%
main, principal principal
71%
pure, clean puro
71%
radical radical
71%
rural, country rural
71%
dry, arid seco
71%
similar similar
71%
united unido
71%
valid válido
71%
correct, suitable correcto
68%
right, straight derecho
68%
this (m) [esta (f)] este
68%
together junto
68%
fair, just justo
68%
dead muerto
68%
past, last pasado
68%
regional regional
68%
relative relativo
68%
third tercero
68%
typical típico
68%
verbal, oral verbal
68%
viable, feasible viable
68%
constant constante
65%
short, brief corto
65%
emotional emocional
65%
honest honesto
65%
equal, same (as) igual
65%
obvious obvio
65%
rational racional
65%
simple, mere, simple-minded simple
65%
solid, strong sólido
65%
sufficient, enough suficiente
65%
vital, lively, essential vital
65%
additional adicional
61%
certain, sure, true cierto
61%
concrete, real concreto
61%
contrary, opposite contrario
61%
delicious, delightful, charming delicioso
61%
stupid, idiotic estúpido
61%
exact, faithful, true exacto
61%
left (opposite of right) izquierdo
61%
slow lento
61%
strange, rare, scarce raro
61%
only, unique, sole único
61%
variable, changeable variable
61%
alive, bright vivo
61%
some, a few alguno
58%
exterior, outside exterior
58%
favorable, suitable favorable
58%
ugly, nasty, rude feo
58%
formidable, tremendous formidable
58%
lower, inferior inferior
58%
single, singular singular
58%
so much, so many tanto
58%
last, final último
58%
enormous, vast enorme
55%
no, none, nobody (PRON) ninguno
55%
responsible responsable
55%
nice, likeable, friendly simpático
55%
several, various varios
55%
beautiful, fine bello
52%
brilliant, shiny, sparkling brillante
52%
known, well-known conocido
52%
cruel, harsh cruel
52%
full, filled lleno
52%
relevant, significant relevante
52%
pink, rosy rosado
52%
young, juvenile juvenil
48%
free, vacant libre
48%
recent reciente
48%
entire, whole, complete entero
45%
average, medium, ordinary mediano
45%
dark, brown moreno
45%
fifth quinto
45%
rigid, stiff, firm rígido
45%
soft, gentle, mild suave
45%
stupid, dumb tonto
45%
vague vago
45%
your (pl/+fam) vuestro
45%
confused, mixed up confuso
42%
thin, frail flaco
42%
external, outward externo
35%
reduced, limited reducido
35%
complex, complicated complejo
32%
reasonable razonable
32%
quiet, silent silencioso
32%
costly, expensive costoso
29%
realistic realista
29%
secondary secundario
29%
opposite, contrary opuesto
23%
such (a) tal
23%
warm cálido
19%
No matching quizzes found
Score Distribution
Percent of People with Each Score
Percentile by Number Answered
Your Score History
You have not taken this quiz since the last reset